000
00201 a2200097 4500
001
52525
100
_a
Joseph M
245
_a
Gemini Girls
260
_a
London
_b
Arrow Books
_c
090
_c
33012
_d
33012
942
_a
NUST-CAE
_c
M
_c
25573
999
_c
287598
_d
287598